| 000 | 00758nam a22001815i 4500 | ||
|---|---|---|---|
| 001 | 165140 | ||
| 003 | ES-MaACL | ||
| 005 | 20230906213056.0 | ||
| 008 | 050816s1862 fr | |||||||| ||fre d | ||
| 040 |
_aCAM _bspa _cCAM |
||
| 100 | 1 |
_aSejour, Victor. _9224146 |
|
| 245 | 1 | 4 |
_aLes volontaires de 1814 _b: drame en cinq actes et quatorze tableaux / _cpar Victor Séjour. |
| 260 |
_aParis : _bMichel Lévy frères libraires èditeurs, _c1862 ( _fImp. de Pillet fils ainé) |
||
| 300 |
_a130 p. ; _c19 cm. |
||
| 500 | _aReprésenté pour la première fois à Paris, sur le théâtre de la Porte Saint-Martin, le 22 avril 1862. | ||
| 852 |
_aES-MaACL _jT-725-F-4 _z-- Enc. hol. conservando la cub. original _z-- Enc. en un vol. facticio |
||
| 999 |
_c165140 _d165140 |
||